Panchayati raj: Training and development (Record no. 179611)

MARC details
000 -LEADER
fixed length control field 00377nam a2200145Ia 4500
008 - FIXED-LENGTH DATA ELEMENTS--GENERAL INFORMATION
fixed length control field 230917s9999||||xx |||||||||||||| ||und||
040 ## - CATALOGING SOURCE
-- 217297
Original cataloging agency VIVEKANANDA LIBRARY
041 ## - Language
-- English
082 ## - DDC NUMBER
Classification number 352.054 P277P
100 ## - MAIN ENTRY--PERSONAL NAME
Personal name Pattanaik, S N
245 #0 - TITLE STATEMENT
Title Panchayati raj: Training and development
260 ## - PUBLICATION, DISTRIBUTION, ETC. (IMPRINT)
Place of publication, distribution, etc New Delhi
Name of publisher, distributor, etc Asian Publishers
Date of publication, distribution, etc 2013
300 ## - PHYSICAL DESCRIPTION
Pages vi, 304 p.
942 ## - ADDED ENTRY ELEMENTS (KOHA)
Koha item type Books
Holdings
Withdrawn status Lost status Damaged status Not for loan Location (home branch) Sublocation or collection (holding branch) Date acquired Koha issues (times borrowed) Koha full call number Accession No. Koha date last seen Koha item type
        VIVEKANANDA LIBRARY VIVEKANANDA LIBRARY 03/06/2014   352.054 P277P 345969 17/09/2023 Books
        VIVEKANANDA LIBRARY VIVEKANANDA LIBRARY 03/06/2014   352.054 P277P 345970 17/09/2023 Books
© Designed and Maintained by Vivekananda Library, MDU Rohtak